000 00388nam a2200145Ia 4500
005 20250402013951.0
008 240331s9999 xx 000 0 und d
082 _bThi
_a894
100 _aThileepkumar,
245 0 _aMouniyudan knchath thooram
260 _aChennai
_bVanathai Pathippagam
_c1992
300 _a104 p .,
500 _aMouni endra eluthaalarin ilakiya sinthanai
942 _cL
999 _c4212
_d4212